Hegel et Schopenhauer (Record no. 54460)

MARC details
000 -LEADER
campo de control de longitud fija 00750nam a22001935i 4500
001 - NÚMERO DE CONTROL
campo de control 54460
003 - IDENTIFICADOR DE NÚMERO DE CONTROL
campo de control ES-MaACL
005 - FECHA Y HORA DE LA ÚLTIMA TRANSACCIÓN
campo de control 20230906162947.0
007 - CAMPO FIJO DE DESCRIPCIÓN FÍSICA--INFORMACIÓN GENERAL
campo de control de longitud fija t|
008 - DATOS DE LONGITUD FIJA--INFORMACIÓN GENERAL
campo de control de longitud fija 980112s1862 fr ||||1| fre d
040 ## - FUENTE DE CATALOGACIÓN
Centro catalogador/agencia de origen NA
Lengua de catalogación spa
Centro/agencia transcriptor NA
100 1# - ENTRADA PRINCIPAL--NOMBRE DE PERSONA
Nombre de persona Foucher de Careil, Louis Alexandre.
9 (RLIN) 51927
245 10 - MENCIÓN DEL TÍTULO
Título Hegel et Schopenhauer
Resto del título : études sur la philosophie allemande moderne depuis Kant jusqu'a nos jours /
Mención de responsabilidad, etc. par A. Foucher de Careil.
260 ## - PUBLICACIÓN, DISTRIBUCIÓN, ETC.
Lugar de publicación, distribución, etc. Paris :
Nombre del editor, distribuidor, etc. L. Hachette et Cie.,
Fecha de publicación, distribución, etc. 1862 (
Fabricante Imprimerie de Ch. Lahure et Cie)
300 ## - DESCRIPCIÓN FÍSICA
Extensión XXXIX, 386 p. ;
Dimensiones 22 cm.
600 04 - PUNTO DE ACCESO ADICIONAL DE MATERIA--NOMBRE DE PERSONA
Nombre de persona Hegel, Georg Wilhelm Friedrich-
Subdivisión general Crítica e interpretación.
9 (RLIN) 62317
600 04 - PUNTO DE ACCESO ADICIONAL DE MATERIA--NOMBRE DE PERSONA
Nombre de persona Schopenhauer, Arthur-
Subdivisión general Crítica e interpretación.
9 (RLIN) 104659
852 ## - LOCALIZACIÓN
Ubicación ES-MaACL
Número de control de estantería G-7955
Holdings
Estatus retirado Estado de pérdida Estado de daño No para préstamo Colección Biblioteca de origen Biblioteca actual Ubicación en estantería Fecha de adquisición Fuente de adquisición Total de préstamos Signatura topográfica completa Código de barras Visto por última vez Precio de reemplazo Tipo de ítem Koha
        Libros del s. XIX Biblioteca del Ateneo de Madrid Biblioteca del Ateneo de Madrid Sala Pecera Planta 3 17/01/2008     G-7955 1057227 23/02/2023 23/02/2023 Libro impreso antiguo